000 00553nam a2200193 4500
001 115892
003 ES-MaACL
005 20231228173808.0
007 t|
008 061121s1946 sp r ||||1| spa d
100 1 _aOrs, Eugenio d',
_d1881-1954
_987358
245 1 0 _aPablo Picasso en tres revisiones /
_cEugenio d'Ors.
260 _aMadrid :
_bM. Aguilar,
_c1946.
300 _a268 p., 70 lám. ;
_c16 cm.
490 1 _aA index sum
830 0 _aA index sum
_9186359
852 _aES-MaACL
_jB-10326
_bR.22083
999 _c115892
_d115892